Energia, medio ambiente y edificacion / (Registro nro. 126271)
[ vista simple ]
| 000 -LEADER | |
|---|---|
| fixed length control field | 00706cam a2200205 4500 |
| 005 - DATE AND TIME OF LATEST TRANSACTION | |
| control field | 20190129115829.0 |
| 008 - FIXED-LENGTH DATA ELEMENTS--GENERAL INFORMATION | |
| fixed length control field | 190129b sp ||||| |||| 00| 0 spa d |
| 020 ## - INTERNATIONAL STANDARD BOOK NUMBER | |
| International Standard Book Number | 8472141195 |
| 050 04 - LIBRARY OF CONGRESS CALL NUMBER | |
| Classification number | NA2542 |
| Item number | S74 1978 |
| 100 1# - MAIN ENTRY--PERSONAL NAME | |
| Personal name | Steadman, Philip |
| 240 10 - UNIFORM TITLE | |
| Uniform title | Energy, environment and buildings |
| Language of a work | Español |
| 245 #0 - TITLE STATEMENT | |
| Title | Energia, medio ambiente y edificacion / |
| Statement of responsibility, etc | Philip Steadman ; traducción Rosa Aguilar ; diseño de la portada Cesar Bovis. |
| 250 ## - EDITION STATEMENT | |
| Edition statement | 1a ed. |
| 260 ## - PUBLICATION, DISTRIBUTION, ETC. (IMPRINT) | |
| Place of publication, distribution, etc | Madrid, España : |
| Name of publisher, distributor, etc | H. Blume Ediciones, |
| Date of publication, distribution, etc | 1978 |
| 300 ## - PHYSICAL DESCRIPTION | |
| Extent | p.v. : |
| Other physical details | il.; |
| Dimensions | 27 cm. |
| 650 #7 - SUBJECT ADDED ENTRY--TOPICAL TERM | |
| Topical term or geographic name as entry element | Arquitectura y clima |
| Source of heading or term | lemb |
| 650 #7 - SUBJECT ADDED ENTRY--TOPICAL TERM | |
| Topical term or geographic name as entry element | Construcciones |
| General subdivision | Energia, conservacion |
| Source of heading or term | lemb |
| 700 1# - ADDED ENTRY--PERSONAL NAME | |
| Personal name | Aguilar, Rosa, |
| Relator term | traducción |
| 700 1# - ADDED ENTRY--PERSONAL NAME | |
| Personal name | Bovis, Cesar, |
| Relator term | Ilustrador de portada |
| 942 ## - ADDED ENTRY ELEMENTS (KOHA) | |
| Source of classification or shelving scheme | Biblioteca del Cogreso de los Estados Unidos |
| Koha item type | Libro |
| Estado de pérdida | Fuente de clasificación | Estado del daño | No para préstamo | Ubicación permanente | Ubicación actual | Apartado o colección | Fecha de adquisición | Edición | Área del conocimiento | Clasificación | Código de Barras | Date last seen | Número de copia | Tipo de recurso |
|---|---|---|---|---|---|---|---|---|---|---|---|---|---|---|
| Biblioteca del Cogreso de los Estados Unidos | Biblioteca de la Facultad de Arquitectura | Biblioteca de la Facultad de Arquitectura | General | 29/01/2019 | 1a ed. | Educación y Humanidades | NA2542 S74 1978 | BFA000003637 | 29/01/2019 | C:1 | Libro |